000 00818nam a2200217 a 4500
001 44841
003 BD-RjUL
005 20211209053927.0
008 160720s1973 ii ||||| |||| 00| 0 ben d
035 _a(BD-RjUL)44959
040 _aBD-RjUL
_bben
_cBD-RjUL
_dBD-RjUL
041 _aben
082 _223
_a891.4409
_bTHS 1973
100 _aঠাকুর, রবীন্দ্রনাথ
_9137416
245 1 0 _aসংকলন /
_cরবীন্দ্রনাথ ঠাকুর
260 _aকলিকাতা :
_bবিশ্বভারতী,
_c১৯৭৩
300 _a২৮৬ পৃ. ;
_c২১ সেমি.
650 _aবাংলা সাহিত্য
_vইতিহাস ও সমালোচনা
_9117445
650 _aBengali literary
_v history and criticism
_9137344
942 _2ddc
_cBK
999 _c44841
_d44841